ASSE 2024-2025 - Statistiques

Statistiques générales
  • Ce quiz a été pris 182 fois
  • Le résultat moyen est 21 sur 38
Statistiques - réponses
Poste # Nom % Correct
GB 30 Gautier Larsonneur
93%
ATT 32 Lucas Stassin
92%
COACH / Eirik Horneland
87%
ATT 22 Zuriko Davitashvili
84%
MIL 6 Benjamin Bouchouari
83%
ATT 7 Irvin Cardona
83%
DEF 3 Mickaël Nadé
83%
DEF 21 Dylan Batubinsika
79%
MIL 29 Aïmen Moueffek
78%
MIL 11 Ben Old
77%
MIL 10 Florian Tardieu
77%
DEF 8 Dennis Appiah
74%
GB 1 Brice Maubleu
73%
ATT 9 Ibrahim Sissoko
73%
DEF 27 Yvann Maçon
71%
ATT 20 Augustine Boakye
67%
DEF 13 Maxime Bernauer
67%
DEF 19 Léo Pétrot
65%
COACH / Olivier Dall'Oglio
65%
DEF 5 Yunis Abdelhamid
65%
MIL 4 Pierre Ekwah
64%
ATT 63 Djylian N'Guessan
56%
ATT 25 Ibrahima Wadji
55%
MIL 28 Igor Miladinović
49%
DEF 23 Anthony Briançon
47%
MIL 37 Louis Mouton
45%
DEF 17 Pierre Cornud
44%
MIL 26 Lamine Fomba
35%
ATT 18 Mathieu Cafaro
32%
MIL / Cheikh Fall
29%
ATT 41 Jibril Othman
25%
MIL 37 Mathis Amougou
25%
DEF 45 Kévin Pedro
23%
COACH / Laurent Huard
15%
ATT 39 Ayman Aiki
14%
DEF 35 Marwann Nzuzi
13%
DEF 38 Beres Owusu
11%
MIL / Jebryl Sahraoui
5%
Aucun quiz correspondant
Distribution des résultats
% des personnes avec chaque résultat
Percentile par nombre de réponses
Votre historique - résultats
Vous n’avez pas pris ce quiz